<?xml version="1.0" encoding="UTF-8"?><collection xmlns="info:lc/xmlns/marcxchange-v2"><record format="Unimarc" type="bibliographic"><leader>00826cam  2200253   450 </leader><controlfield tag="001">1815701</controlfield><controlfield tag="003">http://id.bnportugal.gov.pt/bib/porbase/1815701</controlfield><controlfield tag="005">20030616222000.0</controlfield><datafield ind1=" " ind2=" " tag="010"><subfield code="a">0-471-83965-5</subfield></datafield><datafield ind1=" " ind2=" " tag="035"><subfield code="8">04923</subfield></datafield><datafield ind1=" " ind2=" " tag="095"><subfield code="a">PTBN00593048</subfield></datafield><datafield ind1=" " ind2=" " tag="100"><subfield code="a">19930115d1991    k  y0pory0103    ba</subfield></datafield><datafield ind1="0" ind2=" " tag="101"><subfield code="a">eng</subfield></datafield><datafield ind1=" " ind2=" " tag="102"><subfield code="a">US</subfield></datafield><datafield ind1="1" ind2=" " tag="200"><subfield code="a">Fundamentals of photonics</subfield><subfield code="f">Bahaa E. A. Saleh, Malvin Carl Teich</subfield></datafield><datafield ind1=" " ind2=" " tag="210"><subfield code="a">New York</subfield><subfield code="c">John Wiley</subfield><subfield code="d">1991</subfield></datafield><datafield ind1=" " ind2=" " tag="215"><subfield code="a">XVIII, 966 p</subfield></datafield><datafield ind1="2" ind2=" " tag="225"><subfield code="a">Wiley series in pure and applied optics</subfield></datafield><datafield ind1=" " ind2=" " tag="675"><subfield code="a">621.3 (094.5)</subfield><subfield code="v">BN</subfield><subfield code="z">por</subfield><subfield code="3">292154</subfield></datafield><datafield ind1=" " ind2="1" tag="700"><subfield code="a">Saleh</subfield><subfield code="b">Bahaa E. A.</subfield><subfield code="3">1446781</subfield></datafield><datafield ind1=" " ind2="1" tag="701"><subfield code="a">Teich</subfield><subfield code="b">Malvin Carl</subfield><subfield code="4">070</subfield><subfield code="3">1446782</subfield></datafield><datafield ind1=" " ind2="0" tag="801"><subfield code="a">PT</subfield><subfield code="b">BN</subfield><subfield code="g">RPC</subfield></datafield><datafield ind1=" " ind2=" " tag="977"><subfield code="1">058-04-41</subfield><subfield code="2">coop</subfield><subfield code="4">ESGLE</subfield><subfield code="6">mq3036066</subfield><subfield code="7">bc</subfield><subfield code="8">coop</subfield><subfield code="9">ESGLE</subfield><subfield code="k">0</subfield></datafield><datafield ind1=" " ind2=" " tag="977"><subfield code="1">535 SAL*Fun CE</subfield><subfield code="2">coop</subfield><subfield code="4">UASD</subfield><subfield code="6">mq3298069</subfield><subfield code="7">bc</subfield><subfield code="8">coop</subfield><subfield code="9">UASD</subfield><subfield code="k">0</subfield></datafield><datafield ind1=" " ind2=" " tag="977"><subfield code="1">ET-29-47</subfield><subfield code="2">coop</subfield><subfield code="4">UAVSD</subfield><subfield code="6">mq1263960</subfield><subfield code="7">bc</subfield><subfield code="8">coop</subfield><subfield code="9">UAVSD</subfield><subfield code="b">69828</subfield><subfield code="k">0</subfield></datafield><datafield ind1=" " ind2=" " tag="998"><subfield code="a">UAV41-2240</subfield></datafield></record></collection>